000 00603nam a22001691i 4500
001 16833
090 _a16833
010 _a9789892303277
100 _a20170304u u u0frey50 ba
101 0 _apor
200 1 _fPaul McKenna
_aMude a sua vida em sete dias
_echegue onde quiser com o programa motivacional mais seguido em todo o mundo
215 _a191, [1] p.
_d24 cm
327 _aContém um Cd de programação da mente
700 1 _aMcKenna
_bPaul
_4070
210 _cLua de Papel
_aAlfragide
_d2009
996 _f0021476
_kMCK
_m00000000
_n00000000
_aBMVAAL
_b3
_vAlcáçovas
_xPsicologia
_y25
_eLivro
_10
_31
990 _cLIVROS